[Event "GRE-chT 51st"]
[Site "Trikala"]
[Date "2024.07.08"]
[Round "5.3"]
[White "Papadopoulos, Petros"]
[Black "Tzagarakis, Panagiotis"]
[Result "1-0"]
[WhiteElo "2179"]
[BlackElo "2112"]
[PlyCount "107"]
[EventDate "2024.07.04"]
[EventType "team-swiss"]
[EventRounds "7"]
[EventCountry "GRE"]
[SourceTitle "CBM 221 Extra"]
[Source "ChessBase"]
[SourceDate "2024.09.30"]
[SourceVersion "1"]
[SourceVersionDate "2024.09.30"]
[SourceQuality "1"]
[WhiteTeam "Machites OI"]
[BlackTeam "Neapolis Sykeon"]
[WhiteTeamCountry "GRE"]
[BlackTeamCountry "GRE"]

1. e4 c5 2. Nf3 e6 3. d4 cxd4 4. Nxd4 Nc6 5. Nc3 Qc7 6. Be3 a6 7. Qf3 Nf6 8. 0-0-0 Nxd4 9. Bxd4 e5 10. Be3 d6 11. Qg3 Be6 12. Bg5 Be7 13. Bxf6 Bxf6 14. Nd5 Bxd5 15. Rxd5 0-0 16. Be2 b5 17. Rhd1 Rfd8 18. Kb1 Rac8 19. Qd3 Qb7 20. f3 Rc6 21. a3 h6 22. c3 Qb6 23. Bf1 Qg1 24. h3 Rdc8 25. Qc2 Qb6 26. Qb3 Rb8 27. Qb4 Qa7 28. Qb3 Be7 29. Bd3 Qb6 30. Ka1 Bg5 31. Bb1 Be3 32. Ba2 Qc7 33. Kb1 Bc5 34. f4 Re8 35. Rf1 Kh8 36. Qd1 f6 37. Qh5 Qc8 38. g4 exf4 39. g5 fxg5 40. Rxg5 Rc7 41. Rxf4 Bd4 42. Rgf5 Be5 43. Rf1 a5 44. Qg6 b4 45. Be6 Qd8 46. axb4 axb4 47. cxb4 Rce7 48. Bd5 Bd4 49. Bc6 Rg8 50. Bd5 Rge8 51. Rh5 Be3 52. Rf3 Qb6 53. Rhf5 Rg8 54. Bxg8 1-0

[Event "GRE-chT 51st"]
[Site "Trikala"]
[Date "2024.07.06"]
[Round "3.3"]
[White "Frendzas, Panayotis"]
[Black "Papadopoulos, Petros"]
[Result "1-0"]
[WhiteElo "2190"]
[BlackElo "2179"]
[PlyCount "89"]
[EventDate "2024.07.04"]
[EventType "team-swiss"]
[EventRounds "7"]
[EventCountry "GRE"]
[SourceTitle "CBM 221 Extra"]
[Source "ChessBase"]
[SourceDate "2024.09.30"]
[SourceVersion "1"]
[SourceVersionDate "2024.09.30"]
[SourceQuality "1"]
[WhiteTeam "Ippotis Rodi"]
[BlackTeam "Machites OI"]
[WhiteTeamCountry "GRE"]
[BlackTeamCountry "GRE"]

1. d4 Nf6 2. Nf3 g6 3. g3 c5 4. Bg2 cxd4 5. 0-0 Bg7 6. Nxd4 0-0 7. Nc3 d5 8. Nb3 Be6 9. Nc5 Nc6 10. Nxe6 fxe6 11. Na4 Qd6 12. Be3 Nd7 13. c4 d4 14. Bd2 b6 15. b4 Nxb4 16. Bxa8 Rxa8 17. Qb3 Na6 18. Rad1 Qc6 19. Bb4 Bf6 20. Nb2 Kg7 21. Ba3 e5 22. Nd3 Qe6 23. Qa4 Nc7 24. c5 bxc5 25. Nxc5 Nxc5 26. Bxc5 Nd5 27. Bb4 h5 28. Bd2 h4 29. Rc1 Rd8 30. Qb3 e4 31. Rc5 e3 32. fxe3 hxg3 33. e4 gxh2+ 34. Kh1 Qxe4+ 35. Qf3 Qe6 36. Ba5 Rd6 37. Bc7 Nxc7 38. Rxc7 Ra6 39. a4 Rxa4 40. Rc6 Qe5 41. Rc8 Ra2 42. Qa8 Kh6 43. Rg8 Ra5 44. Qg2 Qh5 45. Rxf6 1-0

[Event "Nikaia op 29th"]
[Site "Nikaia"]
[Date "2022.09.01"]
[Round "1"]
[White "Athanasakopoulos, Alexandros"]
[Black "Papadopoulos, Petros"]
[Result "0-1"]
[WhiteElo "1608"]
[BlackElo "2129"]
[PlyCount "72"]
[EventDate "2022.09.01"]
[EventType "swiss"]
[EventRounds "9"]
[EventCountry "GRE"]
[SourceTitle "CBM 210 Extra"]
[Source "ChessBase"]
[SourceDate "2022.11.30"]
[SourceVersion "1"]
[SourceVersionDate "2022.11.30"]
[SourceQuality "1"]

1. e4 Nf6 2. e5 Nd5 3. d4 d6 4. c4 Nb6 5. f4 g6 6. Nc3 Bg7 7. Be3 0-0 8. Be2 f6 9. c5 fxe5 10. cxb6 exf4 11. bxc7 Qxc7 12. Bf2 e5 13. Qb3+ Kh8 14. Qc4 Qd8 15. dxe5 dxe5 16. Qd5 Bf5 17. Bc5 Qh4+ 18. g3 Qf6 19. Bxf8 Qxf8 20. Nf3 Nc6 21. Ng5 h6 22. Ne6 Qb4 23. 0-0 Qb6+ 24. Kg2 Nb4 25. Na4 Qe3 26. Qc4 Bxe6 27. Qxe6 Qxe2+ 28. Rf2 Qe4+ 29. Kh3 Nd3 30. Rd2 fxg3 31. hxg3 Qe3 32. Rxd3 Qxd3 33. Rc1 Rf8 34. Rc8 Qf1+ 35. Kg4 Qf5+ 36. Qxf5 gxf5+ 0-1

[Event "Petroupoli Dias CM 4th"]
[Site "Petroupoli"]
[Date "2020.01.16"]
[Round "1"]
[White "Stavropoulos, Konstantinos"]
[Black "Papadopoulos, Petros"]
[Result "1-0"]
[WhiteElo "2071"]
[BlackElo "2117"]
[PlyCount "97"]
[EventDate "2020.01.16"]
[EventType "tourn"]
[EventRounds "9"]
[EventCountry "GRE"]
[SourceTitle "EXT 2021"]
[Source "ChessBase"]
[SourceDate "2020.10.23"]
[SourceVersion "1"]
[SourceVersionDate "2020.10.23"]
[SourceQuality "1"]

1. d4 Nf6 2. c4 e6 3. Nc3 Bb4 4. e3 0-0 5. Bd2 b6 6. Bd3 Ba6 7. Nf3 d5 8. Qe2 Nbd7 9. 0-0 c5 10. Rfd1 Rc8 11. cxd5 c4 12. Bc2 exd5 13. Ne5 Bd6 14. f4 b5 15. Bf5 g6 16. Bh3 Ra8 17. Nxd7 Nxd7 18. Nxd5 f5 19. g3 Rb8 20. a3 Bb7 21. Bg2 Nf6 22. Nxf6+ Qxf6 23. Bxb7 Rxb7 24. a4 Qf7 25. axb5 Rfb8 26. Ra6 Qd5 27. Qg2 Rxb5 28. Qxd5+ Rxd5 29. Bc3 Bb4 30. Rxa7 Bxc3 31. bxc3 Rb3 32. Rc1 Rdb5 33. Rc7 Ra5 34. Rc2 Ra1+ 35. Kg2 Re1 36. Ra2 Rb8 37. Rxc4 Rxe3 38. Rc7 Re6 39. d5 Rd6 40. c4 h6 41. Raa7 g5 42. Rg7+ Kf8 43. fxg5 Rb2+ 44. Kf3 Rxh2 45. g6 Rf6 46. Rh7 Kg8 47. Ra8+ Rf8 48. Rxf8+ Kxf8 49. d6 1-0

[Event "Aspropyrgos op-A 1st"]
[Site "Aspropyrgos"]
[Date "2019.09.21"]
[Round "8"]
[White "Papadopoulos, Petros"]
[Black "Sideris, Theodoros"]
[Result "1-0"]
[WhiteElo "2221"]
[BlackElo "1811"]
[PlyCount "148"]
[EventDate "2019.09.14"]
[EventType "swiss"]
[EventRounds "9"]
[EventCountry "GRE"]
[SourceTitle "CBM 195 Extra"]
[Source "ChessBase"]
[SourceDate "2020.05.31"]
[SourceVersion "1"]
[SourceVersionDate "2020.05.31"]
[SourceQuality "1"]

1. e4 c5 2. Nf3 Nc6 3. d4 cxd4 4. Nxd4 g6 5. Nc3 Bg7 6. Be3 Nf6 7. Bc4 0-0 8. Bb3 Ng4 9. Qxg4 Nxd4 10. Qd1 Nxb3 11. axb3 b6 12. Bd4 Bxd4 13. Qxd4 Bb7 14. 0-0-0 d6 15. h4 Qc7 16. h5 Qc5 17. Qd2 Qe5 18. f4 Qg7 19. g4 Rac8 20. Rh4 g5 21. fxg5 Rc5 22. Nd5 Bxd5 23. exd5 Rfc8 24. c3 Ra5 25. Kb1 Qe5 26. b4 Qe4+ 27. Qd3 Qxd3+ 28. Rxd3 Rb5 29. Ka2 a5 30. Rd4 axb4 31. cxb4 e5 32. dxe6 fxe6 33. Rxd6 Rxb4 34. Rh2 Ra8+ 35. Kb1 Rxg4 36. Rxb6 Rg1+ 37. Kc2 Rc8+ 38. Kb3 Rg3+ 39. Kb4 Rg4+ 40. Ka3 Ra8+ 41. Kb3 Rg3+ 42. Kc4 Rg4+ 43. Kd3 Rg3+ 44. Kd4 Rxg5 45. Rxe6 Ra4+ 46. Kc3 Rg3+ 47. Kc2 Rc4+ 48. Kb1 Rc5 49. Ra6 Rgg5 50. h6 Rg1+ 51. Ka2 Rcc1 52. Rf6 Ra1+ 53. Kb3 Rg3+ 54. Kc2 Ra8 55. Rc6 Rb8 56. Ra6 Rgb3 57. Kb1 R3b7 58. Rg2+ Kh8 59. Ka2 Rb5 60. Rd2 Kg8 61. Rg2+ Kh8 62. Kb1 R5b7 63. Rd2 Kg8 64. Rad6 Rb6 65. Rxb6 Rxb6 66. Rh2 Kf7 67. Ka2 Ke6 68. Ka3 Kd6 69. Rh5 Rc6 70. Kb4 Rc2 71. b3 Kc6 72. Ra5 Rh2 73. Ra6+ Kb7 74. Rf6 Rxh6 1-0

[Event "Aspropyrgos op-A 1st"]
[Site "Aspropyrgos"]
[Date "2019.09.20"]
[Round "7"]
[White "Gogolis, Alexandros"]
[Black "Papadopoulos, Petros"]
[Result "1/2-1/2"]
[WhiteElo "2198"]
[BlackElo "2221"]
[PlyCount "79"]
[EventDate "2019.09.14"]
[EventType "swiss"]
[EventRounds "9"]
[EventCountry "GRE"]
[SourceTitle "CBM 195 Extra"]
[Source "ChessBase"]
[SourceDate "2020.05.31"]
[SourceVersion "1"]
[SourceVersionDate "2020.05.31"]
[SourceQuality "1"]

1. d4 Nf6 2. Nf3 e6 3. g3 d5 4. Bg2 c5 5. c4 Nc6 6. 0-0 Be7 7. dxc5 Bxc5 8. a3 dxc4 9. Nbd2 c3 10. bxc3 0-0 11. Nb3 Bb6 12. Qxd8 Rxd8 13. Bg5 e5 14. e3 Be6 15. Bxf6 gxf6 16. Rab1 Rac8 17. Rfc1 Na5 18. Nxa5 Bxa5 19. Rxb7 Bb6 20. Nh4 Rc4 21. Bf1 Rc5 22. c4 Kf8 23. h3 Ke8 24. g4 Bd5 25. Bg2 Bxb7 26. Bxb7 Rd2 27. Nf5 Ra5 28. Bd5 Rxa3 29. Rb1 Kd8 30. Nd6 Rda2 31. Rb5 Rd2 32. Ne4 Rd1+ 33. Kg2 Ra5 34. Rb2 Ke7 35. Kf3 Raa1 36. Ng3 Rab1 37. Ra2 Ra1 38. Rb2 Rab1 39. Ra2 Kd6 40. Ke4 1/2-1/2

[Event "Aspropyrgos op-A 1st"]
[Site "Aspropyrgos"]
[Date "2019.09.17"]
[Round "4"]
[White "Papadopoulos, Petros"]
[Black "Nikolaou, Georgios"]
[Result "0-1"]
[WhiteElo "2221"]
[BlackElo "2200"]
[PlyCount "118"]
[EventDate "2019.09.14"]
[EventType "swiss"]
[EventRounds "9"]
[EventCountry "GRE"]
[SourceTitle "CBM 195 Extra"]
[Source "ChessBase"]
[SourceDate "2020.05.31"]
[SourceVersion "1"]
[SourceVersionDate "2020.05.31"]
[SourceQuality "1"]

1. e4 c5 2. Nf3 e6 3. d4 cxd4 4. Nxd4 Nc6 5. Nc3 Qc7 6. Be3 Nf6 7. Be2 Be7 8. 0-0 0-0 9. f4 d6 10. Qe1 Nxd4 11. Bxd4 b6 12. Qg3 Bb7 13. Kh1 Rad8 14. Bd3 Bc6 15. Rae1 e5 16. fxe5 Nh5 17. Qh3 dxe5 18. Be3 g6 19. Bh6 Ng7 20. Bc4 Bd7 21. Qd3 Be6 22. Nd5 Qc5 23. Bb3 Rd7 24. Qg3 f6 25. Bd2 Nh5 26. Qf3 Bxd5 27. Bxd5+ Kg7 28. c4 a5 29. a3 a4 30. g3 Qc7 31. Qd1 Qa7 32. Qc1 Kh8 33. Bh6 Ng7 34. Re3 Bc5 35. Ref3 Rd6 36. g4 Qd7 37. h3 Bd4 38. Qe1 Bxb2 39. Qh4 f5 40. gxf5 gxf5 41. Rg1 Rxh6 42. Qxh6 f4 43. Rg5 Qe7 44. Rg4 Rf6 45. Qh4 Bd4 46. Rg6 Re6 47. Rg5 Rg6 48. Rg4 Qxh4 49. Rxh4 h5 50. Bf7 Rg5 51. Rd3 Bc5 52. Rd8+ Kh7 53. Rc8 f3 54. Bg8+ Kh6 55. Bf7 Nf5 56. Rxh5+ Rxh5 57. Rh8+ Kg7 58. Bxh5 Ng3+ 59. Kh2 f2 0-1

[Event "Aspropyrgos op-A 1st"]
[Site "Aspropyrgos"]
[Date "2019.09.16"]
[Round "3"]
[White "Kaforos, Dimitrios Alkis"]
[Black "Papadopoulos, Petros"]
[Result "1/2-1/2"]
[WhiteElo "2219"]
[BlackElo "2221"]
[PlyCount "121"]
[EventDate "2019.09.14"]
[EventType "swiss"]
[EventRounds "9"]
[EventCountry "GRE"]
[SourceTitle "CBM 195 Extra"]
[Source "ChessBase"]
[SourceDate "2020.05.31"]
[SourceVersion "1"]
[SourceVersionDate "2020.05.31"]
[SourceQuality "1"]

1. e4 c6 2. d4 d5 3. Nc3 dxe4 4. Nxe4 Bf5 5. Ng3 Bg6 6. Nf3 Nd7 7. Bd3 Qc7 8. 0-0 e6 9. Re1 Ngf6 10. c4 Be7 11. b3 0-0 12. Bb2 Rfe8 13. Bxg6 hxg6 14. Rc1 c5 15. Qc2 cxd4 16. Nxd4 a6 17. Rcd1 Rad8 18. a3 Bd6 19. b4 Rc8 20. c5 Be5 21. Qe2 Nd5 22. Qd2 Rcd8 23. Nf3 Bxb2 24. Qxb2 b6 25. cxb6 Qxb6 26. Qd4 Qb5 27. Ne4 Qa4 28. Nd6 Rf8 29. Ng5 N7f6 30. Nc4 Rc8 31. Rd3 Qc2 32. Ne5 Nh5 33. Rd2 Qf5 34. Ne4 Nhf4 35. Nd6 Qg5 36. g3 Nh3+ 37. Kh1 Rcd8 38. Ne4 Qf5 39. f4 Ndxf4 40. Qxd8 Rxd8 41. Rxd8+ Kh7 42. gxf4 Qxf4 43. Rd3 Qxe5 44. Rxh3+ Kg8 45. Rd3 g5 46. Ree3 f6 47. Nc5 Qf4 48. Kg1 e5 49. Nxa6 e4 50. Rb3 Qg4+ 51. Kf2 Qf4+ 52. Ke1 Qxh2 53. b5 Qg1+ 54. Kd2 Qf2+ 55. Kd1 Qg1+ 56. Re1 Qd4+ 57. Kc1 Qa1+ 58. Kd2 Qd4+ 59. Kc2 Qf2+ 60. Kd1 Qd4+ 61. Kc2 1/2-1/2

[Event "Aegean op 42nd"]
[Site "Aghios Kirykos"]
[Date "2019.07.17"]
[Round "9"]
[White "Lekic, Dusan"]
[Black "Papadopoulos, Petros"]
[Result "1-0"]
[WhiteElo "2343"]
[BlackElo "2165"]
[PlyCount "65"]
[EventDate "2019.07.09"]
[EventType "swiss"]
[EventRounds "9"]
[EventCountry "GRE"]
[SourceTitle "EXT 2020"]
[Source "ChessBase"]
[SourceDate "2019.10.17"]
[SourceVersion "1"]
[SourceVersionDate "2019.10.17"]
[SourceQuality "1"]

1. d4 Nf6 2. c4 e6 3. Nf3 d5 4. Nc3 Be7 5. Bg5 0-0 6. e3 a6 7. Rc1 Nbd7 8. c5 c6 9. Bd3 Re8 10. 0-0 e5 11. dxe5 Ng4 12. Bf4 Nxc5 13. h3 Nxd3 14. Qxd3 Nh6 15. Bxh6 gxh6 16. Nd4 f6 17. f4 Bf8 18. exf6 Qxf6 19. e4 dxe4 20. Nxe4 Qf7 21. f5 Rd8 22. Qe3 Kh8 23. Nc5 Be7 24. Nde6 Rg8 25. Qxh6 Qf6 26. Qd2 b6 27. Ne4 Qe5 28. Rce1 c5 29. Rf2 Bh4 30. N4xc5 Bxf2+ 31. Qxf2 Qd5 32. b4 Bxe6 33. Qb2+ 1-0

[Event "Petroupoli Dias CM 2nd"]
[Site "Petroupoli"]
[Date "2019.05.16"]
[Round "6"]
[White "Stamatiou, Rodolfos"]
[Black "Papadopoulos, Petros"]
[Result "1-0"]
[WhiteElo "2001"]
[BlackElo "2008"]
[PlyCount "105"]
[EventDate "2019.04.04"]
[EventType "tourn"]
[EventRounds "9"]
[EventCountry "GRE"]
[SourceTitle "EXT 2020"]
[Source "ChessBase"]
[SourceDate "2019.10.17"]
[SourceVersion "1"]
[SourceVersionDate "2019.10.17"]
[SourceQuality "1"]

1. e4 c5 2. Nf3 d6 3. d4 cxd4 4. Nxd4 Nf6 5. Nc3 a6 6. Be3 e6 7. Be2 Nbd7 8. g4 b5 9. g5 b4 10. Nc6 Qc7 11. Nxb4 Nxe4 12. Nxe4 d5 13. Nxd5 exd5 14. Qxd5 Bb7 15. Qd4 Bc5 16. Nxc5 Bxh1 17. Qxd7+ Qxd7 18. Nxd7 Be4 19. 0-0-0 Bf5 20. Nb6 Rb8 21. Bc5 h6 22. Bxa6 f6 23. g6 Bxg6 24. Bb5+ Kf7 25. Bc4+ Ke8 26. Bb5+ Kf7 27. Rd7+ Kg8 28. Bc4+ Kh7 29. Nd5 Rhc8 30. b4 Kh8 31. Ne7 Be8 32. Ra7 Rd8 33. Bd5 Rd7 34. Ng6+ Bxg6 35. Rxd7 Bf5 36. Ra7 Kh7 37. Ra8 Rxa8 38. Bxa8 g5 39. b5 Kg6 40. b6 Bc8 41. b7 Bxb7 42. Bxb7 Kh5 43. a4 Kh4 44. a5 Kh3 45. a6 Kxh2 46. a7 f5 47. a8Q f4 48. Bh1 Kh3 49. Qf3+ Kh4 50. Bg2 g4 51. Qxf4 Kh5 52. Qf5+ Kh4 53. Be7# 1-0

[Event "Petroupoli Dias CM 2nd"]
[Site "Petroupoli"]
[Date "2019.05.09"]
[Round "5"]
[White "Papadopoulos, Petros"]
[Black "Alexakis, Dimitris"]
[Result "1/2-1/2"]
[WhiteElo "2008"]
[BlackElo "2157"]
[PlyCount "135"]
[EventDate "2019.04.04"]
[EventType "tourn"]
[EventRounds "9"]
[EventCountry "GRE"]
[SourceTitle "EXT 2020"]
[Source "ChessBase"]
[SourceDate "2019.10.17"]
[SourceVersion "1"]
[SourceVersionDate "2019.10.17"]
[SourceQuality "1"]

1. e4 c5 2. Nf3 Nc6 3. d4 cxd4 4. Nxd4 Nf6 5. Nc3 d6 6. Bc4 Bd7 7. 0-0 Rc8 8. Nxc6 Bxc6 9. Qe2 a6 10. Rd1 Qc7 11. Bf4 b5 12. Bb3 Qb7 13. Nd5 Rd8 14. Nxf6+ gxf6 15. Qh5 e5 16. Be3 Bxe4 17. f3 Bg6 18. Qh4 Bg7 19. Qb4 0-0 20. Rxd6 a5 21. Qd2 Qc7 22. Rd1 Rxd6 23. Qxd6 Qxd6 24. Rxd6 a4 25. Bd5 Bxc2 26. Bc6 b4 27. Rd2 b3 28. a3 f5 29. Rd5 f4 30. Bc5 Rc8 31. Bxa4 Bf5 32. Bb4 Be6 33. Rd3 f5 34. Bxb3 Bxb3 35. Rxb3 Rc1+ 36. Kf2 e4 37. fxe4 fxe4 38. Bc3 Bf8 39. Rb5 e3+ 40. Ke2 Rc2+ 41. Kf3 Rf2+ 42. Ke4 e2 43. Rg5+ Kf7 44. Rf5+ Ke8 45. Rxf4 Rf1 46. Rf3 Bg7 47. Re3 Bxc3 48. Rxe2 Bf6 49. Kd5+ Kd7 50. Kc4 Kd6 51. b4 Be5 52. h3 Ra1 53. Rd2+ Kc6 54. Kb3 Re1 55. Rc2+ Kd5 56. Ka4 h5 57. Kb5 Rf1 58. Rc5+ Ke4 59. Rc4+ Bd4 60. Rc7 h4 61. Rh7 Bf6 62. a4 Rf2 63. a5 Rxg2 64. a6 Ra2 65. Kb6 Bd4+ 66. Kb7 Bf2 67. b5 Kf3 68. Rxh4 1/2-1/2

[Event "GRE-ch U16"]
[Site "Rio Achaia"]
[Date "2018.07.06"]
[Round "5"]
[White "Zgouletas, Ioannis"]
[Black "Papadopoulos, Petros"]
[Result "0-1"]
[WhiteElo "1554"]
[BlackElo "1978"]
[PlyCount "76"]
[EventDate "2018.07.03"]
[EventType "swiss"]
[EventRounds "9"]
[EventCountry "GRE"]
[SourceTitle "EXT 2019"]
[Source "ChessBase"]
[SourceDate "2018.10.10"]
[SourceVersion "1"]
[SourceVersionDate "2018.10.10"]
[SourceQuality "1"]

1. e4 c5 2. Nf3 d6 3. c3 Nf6 4. Bc4 e6 5. Qe2 Nc6 6. 0-0 Be7 7. Rd1 0-0 8. d4 cxd4 9. cxd4 d5 10. exd5 exd5 11. Bb3 Bg4 12. Be3 Na5 13. Bc2 Rc8 14. Nc3 Nc4 15. Bc1 Re8 16. Qd3 Bh5 17. Ba4 Rf8 18. Re1 Bg6 19. Qd1 a6 20. Ne5 b5 21. Bb3 Bb4 22. Bxc4 dxc4 23. a4 Qb6 24. Be3 Rfd8 25. axb5 axb5 26. Qf3 Bxc3 27. bxc3 Nd5 28. Rec1 f6 29. Nxg6 hxg6 30. Rcb1 Nxc3 31. d5 Qb7 32. Ra7 Qxd5 33. Rba1 b4 34. Qg4 Qd1+ 35. Rxd1 Rxd1+ 36. Qxd1 Nxd1 37. Rb7 Nxe3 38. fxe3 c3 0-1

[Event "GRE-ch U16"]
[Site "Rio Achaia"]
[Date "2018.07.04"]
[Round "3"]
[White "Balis, Georgios Efraim"]
[Black "Papadopoulos, Petros"]
[Result "1-0"]
[WhiteElo "1248"]
[BlackElo "1978"]
[PlyCount "37"]
[EventDate "2018.07.03"]
[EventType "swiss"]
[EventRounds "9"]
[EventCountry "GRE"]
[SourceTitle "EXT 2019"]
[Source "ChessBase"]
[SourceDate "2018.10.10"]
[SourceVersion "1"]
[SourceVersionDate "2018.10.10"]
[SourceQuality "1"]

1. e4 c5 2. Nf3 f5 3. e5 Nc6 4. Bb5 d5 5. d4 e6 6. 0-0 a6 7. Bxc6+ bxc6 8. c3 h6 9. dxc5 g5 10. Nd4 h5 11. c4 h4 12. Nc3 g4 13. Qa4 Kf7 14. Nxc6 Qe8 15. Nd4 Qe7 16. cxd5 exd5 17. e6+ Kg6 18. Nxd5 Qxc5 19. Qe8+ 1-0

[Event "GRE-ch U12"]
[Site "Greece"]
[Date "2014.07.08"]
[Round "7"]
[White "Alygizakis, Apostolos"]
[Black "Papadopoulos, Petros"]
[Result "1-0"]
[WhiteElo "1274"]
[BlackElo "1419"]
[PlyCount "57"]
[EventDate "2014.07.04"]
[EventType "swiss"]
[EventRounds "9"]
[EventCountry "GRE"]
[SourceTitle "EXT 2017"]
[Source "ChessBase"]
[SourceDate "2016.10.25"]
[SourceVersion "1"]
[SourceVersionDate "2016.10.25"]
[SourceQuality "1"]

1. e4 d5 2. exd5 Nf6 3. c4 c6 4. d4 cxd5 5. Nc3 dxc4 6. Bxc4 Bf5 7. f3 e6 8. Nge2 Bd6 9. Be3 0-0 10. 0-0 Qc7 11. Bb3 Bxh2+ 12. Kh1 a6 13. Rc1 Nc6 14. Qd2 Bd6 15. Nf4 Rad8 16. Rfe1 e5 17. Ncd5 Nxd5 18. Nxd5 Qa5 19. Qd1 exd4 20. Bd2 Qb5 21. a4 Bc2 22. Qxc2 Qc5 23. Qxc5 Bxc5 24. Rxc5 h6 25. Ne7+ Nxe7 26. Rxe7 b6 27. Rcc7 Kh8 28. Bxf7 b5 29. Bg6 1-0

[Event "Petroupoli ASOP Dias Seniors op"]
[Site "Petroupoli"]
[Date "2014.05.10"]
[Round "7.2"]
[White "Papadopoulos, Petros"]
[Black "Maragkakis, Michail"]
[Result "1/2-1/2"]
[WhiteElo "1380"]
[BlackElo "1000"]
[PlyCount "49"]
[EventDate "2014.03.22"]
[EventType "swiss"]
[EventRounds "7"]
[EventCountry "GRE"]
[SourceTitle "EXT 2024"]
[Source "ChessBase"]
[SourceDate "2023.10.10"]
[SourceVersion "1"]
[SourceVersionDate "2023.10.10"]
[SourceQuality "1"]

1. e4 c6 2. e5 d5 3. exd6 exd6 4. d4 Bf5 5. d5 Nf6 6. dxc6 Nxc6 7. Bd3 Qd7 8. Nc3 d5 9. Bf4 d4 10. Nb5 Bb4+ 11. Bd2 Bxd3 12. cxd3 0-0 13. Ne2 a6 14. Bxb4 Rfe8 15. Nd6 Rxe2+ 16. Kxe2 Nxb4 17. Nc4 b5 18. Nd2 Re8+ 19. Kf1 Nxd3 20. Nf3 Qf5 21. Qc2 Rc8 22. Qe2 Re8 23. Qc2 Rc8 24. Qe2 Re8 25. Qc2 1/2-1/2

[Event "Attica-ch U12"]
[Site "Athens"]
[Date "2014.04.13"]
[Round "4.1"]
[White "Karousos Theodorakis, Nikolaos"]
[Black "Papadopoulos, Petros"]
[Result "1-0"]
[WhiteElo "1811"]
[BlackElo "1386"]
[PlyCount "53"]
[EventDate "2014.04.11"]
[EventType "swiss"]
[EventRounds "7"]
[EventCountry "GRE"]
[SourceTitle "EXT 2024"]
[Source "ChessBase"]
[SourceDate "2023.10.10"]
[SourceVersion "1"]
[SourceVersionDate "2023.10.10"]
[SourceQuality "1"]

1. e4 d5 2. exd5 Qxd5 3. Nf3 Qa5 4. Be2 Nc6 5. 0-0 Bg4 6. h3 Bf5 7. d4 e6 8. Nbd2 Nb4 9. Nc4 Qd5 10. b3 Qd7 11. Nfe5 Bxc2 12. Qd2 Qd5 13. Ne3 Qd8 14. Nxc2 Nxc2 15. Qxc2 Ne7 16. Bb2 c6 17. Rac1 Rc8 18. Rfe1 g6 19. Bc4 Nd5 20. Bxd5 Qxd5 21. Qc4 Qxc4 22. bxc4 Bb4 23. Red1 0-0 24. d5 Rcd8 25. Ng4 h5 26. Nf6+ Kg7 27. Nd7+ 1-0

[Event "Petroupoli ASOP Dias Seniors op"]
[Site "Petroupoli"]
[Date "2014.03.22"]
[Round "1.6"]
[White "Papadopoulos, Petros"]
[Black "Ladielis, Andreas"]
[Result "1-0"]
[WhiteElo "1380"]
[BlackElo "1000"]
[PlyCount "45"]
[EventDate "2014.03.22"]
[EventType "swiss"]
[EventRounds "7"]
[EventCountry "GRE"]
[SourceTitle "EXT 2024"]
[Source "ChessBase"]
[SourceDate "2023.10.10"]
[SourceVersion "1"]
[SourceVersionDate "2023.10.10"]
[SourceQuality "1"]

1. e4 e5 2. Bc4 Bc5 3. Nf3 Nc6 4. c3 Nf6 5. d4 exd4 6. cxd4 Bb4+ 7. Nc3 Nxe4 8. 0-0 Nf6 9. Re1+ Ne7 10. Bxf7+ Kxf7 11. Qb3+ Ke8 12. Qxb4 d6 13. Bg5 Bf5 14. Bxf6 gxf6 15. Nd5 Kf8 16. Nxe7 Qd7 17. Qd2 h6 18. Qf4 Bh7 19. Qxf6+ Ke8 20. Nc6+ Qe6 21. Qxe6+ Kf8 22. Qf6+ Kg8 23. Ne7# 1-0